000 00801cam a2200241 4500
008 090401t1989 xxu||||| |||| 00| 0 eng d
020 _a0906182476
035 _a(Sirsi) u18435
041 _aeng
050 _a690.24
110 _aBuilding Maintenance Information Ltd
_92307
245 _aUniversity occupancy expenditure
260 _aKingston upon Thames
_bBuilding Maintenance Information Ltd
_c1989
300 _a68p. ; 30cm.
350 _a14.95
490 _aSerial
_v182
520 _aThis item is part of a subscription service and cannot be photocopied, neither can any part of it be read out over the phone. Please contact BMI direct on 0171-222-7000 for deatils.
650 _aBMI
650 _aOCCUPANCY COSTS
650 _aUNIVERSITIES
942 _n0
948 _c04/03/1997
999 _c87597
_d87597